000 00928cam a22002293a 4500
001 18362
003 PGUSA
005 20140828083406.0
008 060510s2006||||xxu|||||s|||||000 | eng d
040 _aPGUSA
_beng
042 _adc
050 4 _aPE
100 1 _aKleiser, Grenville,
_d1868-1953
245 1 0 _aFifteen Thousand Useful Phrases :
_bA Practical Handbook Of Pertinent Expressions, Striking Similes, Literary, Commercial, Conversational, And Oratorical Terms, For The Embellishment Of Speech And Literature, And The Improvement Of The Vocabulary Of Those Persons Who Read, Write, And Speak English
_h[electronic resource] /
_cGrenville Kleiser
260 _bProject Gutenberg,
_c2006
506 _aPublic domain in the USA.
516 _aElectronic text
653 _aEnglish language -- Terms and phrases
830 0 _aProject Gutenberg
_v18362
856 4 0 _uhttp://www.gutenberg.org/ebooks/18362
942 _cEB
999 _c247617
_d247617